Znani ludzie według inicjałów - imiona na "T" - Statystyki

Ogólne statystyki
  • Ten quiz został rozwiązany 216 razy
  • Średni wynik to 11 z 22
Statystyki odpowiedzi
Inicjały Kim jest ta osoba? Odpowiedź % Poprawnych
TE Amerykański inżynier, wynalazca m.in. fonografu i żarówki Thomas Edison
86%
TA Polski bokser, były mistrz świata w wadze półciężkiej Tomasz Adamek
82%
TG Polski żużlowiec, mistrz świata z 2010 r. Tomasz Gollob
80%
TH Amerykański aktor, znany z głównych ról w filmach takich jak "Kod da Vinci", "Forrest Gump" czy "Filadelfia" Tom Hanks
80%
TM Polski polityk, ostatni premier PRL i pierwszy w III RP Tadeusz Mazowiecki
77%
TW Amerykański golfista, zwycięzca 15 majorów, jeden z najbogatszych sportowców świata Tiger Woods
73%
TO Polska piosenkarka, była wokalistka Blue Cafe Tatiana Okupnik
70%
TT Szwajcarsko-amerykańska piosenkarka, znana z piosenek takich jak "Goldeneye" czy "The Best" Tina Turner
68%
TK Niemiecki piłkarz, mistrz świata z 2014 r., zawodnik m.in. Bayernu i Realu Madryt Toni Kroos
64%
TS Amerykański raper, znany m.in. z utworów "Changes" czy "Ghetto Gospel", zmarły w wyniku strzelaniny (można podać imię/pseudonim) Tupac Shakur
55%
TZ Polski żołnierz, harcmistrz, podporucznik Armii Krajowej, bohater książki "Kamienie na szaniec", znany jako "Zośka" Tadeusz Zawadzki
51%
TC Belgijski piłkarz, brązowy medalista MŚ 2018, zawodnik m.in. Chelsea i Realu Madryt Thibaut Courtois
50%
TV Hiszpański piłkarz i trener, szkoleniowiec FC Barcelony, zmarły na raka (można podać imię) Tito Vilanova
45%
TJ Amerykański aktor, znany z roli agenta K w "Facetach w czerni" czy Samuela Gerarda w "Ściganym" Tommy Lee Jones
45%
TB Amerykański seryjny morderca, zabił min. 40 kobiet, skazany na karę śmierci Ted Bundy
39%
TN Polski muzyk, członek zespołu Breakout Tadeusz Nalepa
34%
TD Amerykański koszykarz, pięciokrotny mistrz NBA, całą karierę spędził w San Antonio Spurs Tim Duncan
27%
TP Francuski koszykarz, czterokrotny mistrz NBA w barwach San Antonio Spurs, wieloletni kolega z zespołu osoby o inicjałach TD Tony Parker
26%
TR Amerykański aktor, odtwórca roli Andy'ego Dufresne'a w "Skazanych na Shawshank" Tim Robbins
20%
TL Niemiecki muzyk, wokalista zespołu Rammstein Till Lindemann
17%
TI Angielski muzyk, gitarzysta zespołu Black Sabbath Tony Iommi
10%
TF Australijski aktor, znany z roli Ragnara w serialu "Wikingowie" Travis Fimmel
6%
Nie znaleziono quizów pasujących do podanych kryteriów
Rozkład punktacji
Procent ludzi z każdym wynikiem
Percentyl według liczby udzielonych odpowiedzi
Twoja historia wyników
Nie rozwiązałeś tego quizu